000 00464nam a22001337a 4500
008 110502t xxu||||| |||| 00| 0 eng d
082 _a348.041 ALL
100 _aBridgman, G. F. W.
_92128
245 _aAll England Law Reports :
_cG. F. L. Bridgman /
260 _aLomdon :
_bButterworth & Co LTD
_c1957.
300 _a845p.;
_c24 cm.
942 _2ddc
_cBK
999 _c783
_d783